000 00605nam a22002057a 4500
003 0
005 20251107112749.0
008 251107b xxu||||| |||| 00| 0 eng d
020 _a0-671-85602-2
050 _aPS 3552.A43485
_b.B35 1997
100 _aBaldacci, David,
_eauthor.
245 _aTotal control /
_cDavid Baldacci.
260 _aLondon :
_bSimon & Schuster,
_c1997.
300 _avi, 520 pages ;
_c18 cm.
650 _aThrillers (Fiction).
650 _aBusinessmen
_xCrimes against
_vFiction.
650 _aComputer networks
_xFiction.
650 _aConspiracies
_xFiction.
942 _2lcc
_cBK
999 _c368485
_d368485